| 000 | 01045cam a2200313 4500 | ||
|---|---|---|---|
| 002 | 7527 | ||
| 008 | 040716n2004 000 0 eng u | ||
| 020 | _a1859418554 | ||
| 035 | _a(Sirsi) u126808 | ||
| 041 | _aeng | ||
| 050 |
_a346.4104346 _c22 |
||
| 100 | _aBorder, Rosy | ||
| 245 | _aLetting your property | ||
| 250 | _a2nd ed. | ||
| 260 |
_aLondon _bCavendish _c2004 |
||
| 300 |
_axxii, 149p. _c22cm. |
||
| 350 | _a12.95 | ||
| 490 | _aCavendish Pocket Lawyer | ||
| 520 | _aDesigned for members of the public who are thinking of renting out a house or flat, this book advises about legal responsibilities, choosing and vetting a tenant and about the tenancy agreement itself. | ||
| 520 | _aSupersedes first edition ISBN 0117028169 | ||
| 650 | _aRENTING | ||
| 650 | _aLETTINGS | ||
| 650 | _aLANDLORDS | ||
| 650 | _aTENANCY AGREEMENTS | ||
| 650 | _aPROPERTY-RESIDENTIAL PROPERTY-RESIDENTIAL LANDLORD AND TENANT-RESIDENTIAL TENANCIES | ||
| 690 |
_aLandlord and tenant _96252 |
||
| 700 | _aFairweather, Mark | ||
| 942 | _n0 | ||
| 999 |
_c103644 _d103644 |
||